|
|
|
|
| LEADER |
00710nam a2200253Ia 4500 |
| 008 |
240830s9999 xx 000 0 und d |
| 020 |
|
|
|a 970-15-1177-8
|
| 040 |
|
|
|a B-ESTELÍ- RUACS / 004.68 R263
|
| 041 |
|
|
|a spa
|
| 082 |
|
|
|a 004.68 R263
|
| 100 |
1 |
|
|a Raya, Jose Luis y Raya, Laura
|
| 245 |
1 |
0 |
|a Redes Locales 4a ed
|
| 250 |
|
|
|a 4a ed
|
| 260 |
|
|
|a Mexico
|b Alfaomega
|c 2005
|
| 300 |
|
|
|a 321 p. :il.
|
| 650 |
7 |
|
|a REDES LOCALES - CONCEPTOS, TOPOLOGIA
|
| 650 |
7 |
|
|b REDES LOCALES INALAMBRICAS
|
| 650 |
7 |
|
|c PROTOCOLOS DE CONTROL
|
| 650 |
7 |
|
|d SISTEMAS DE COMUNICACION - ATM, SMO. ADSL
|
| 650 |
7 |
|
|e SISTEMAS OPERATIVOS - RED
|
| 650 |
7 |
|
|f INTERNET.
|
| 942 |
|
|
|c BK
|2 ddc
|
| 991 |
|
|
|a TEXTO
|
| 999 |
|
|
|c 10541
|